Rural property valuation (Record no. 102829)

MARC details
000 -LEADER
fixed length control field 01689cam a2200301 4500
008 - FIXED-LENGTH DATA ELEMENTS--GENERAL INFORMATION
fixed length control field 030519n2003 000 0 eng u
020 ## - INTERNATIONAL STANDARD BOOK NUMBER
International Standard Book Number 1842191470
-- 9781842191477
035 ## - SYSTEM CONTROL NUMBER
System control number (Sirsi) u122317
041 0# - LANGUAGE CODE
Language code of text/sound track or separate title eng
050 04 - LIBRARY OF CONGRESS CALL NUMBER
Classification number 333.332 $2 18
100 ## - MAIN ENTRY--PERSONAL NAME
Personal name Royal Institution of Chartered Surveyors
9 (RLIN) 4900
110 2# - MAIN ENTRY--CORPORATE NAME
Corporate name or jurisdiction name as entry element Royal Institution of Chartered Surveyors
Subordinate unit Valuation Faculty
9 (RLIN) 4354
245 00 - TITLE STATEMENT
Title Rural property valuation
Remainder of title Valuation Information Paper No. 5
260 ## - PUBLICATION, DISTRIBUTION, ETC.
Place of publication, distribution, etc. London
Name of publisher, distributor, etc. RICS
Date of publication, distribution, etc. 2003
490 #0 - SERIES STATEMENT
Series statement RICS Information Paper
490 #0 - SERIES STATEMENT
Series statement RICS Valuation Information Paper
Volume/sequential designation (05)
505 2# - FORMATTED CONTENTS NOTE
Formatted contents note Valuation of rural property -- Classification -- Assumptions and special assumptions -- Valuation bases -- Inspections and considerations -- Annexe 1: Types of rural property -- Annexe 2: Assumptions and special assumptions -- Annexe 3: Inspections -- Annexe 4: Material considerations
520 ## - SUMMARY, ETC.
Summary, etc. Although not intended to be fully comprehensive, provides supplementary information for members carrying out the valuation of rural property in accordance with the "Red book".
520 ## - SUMMARY, ETC.
Summary, etc. Withdrawn 6 February 2007. Reinstated 17 July 2007.
650 24 - SUBJECT ADDED ENTRY--TOPICAL TERM
Topical term or geographic name entry element RICS appraisal and valuation standards
651 #4 - SUBJECT ADDED ENTRY--GEOGRAPHIC NAME
Geographic name United Kingdom
Chronological subdivision
690 ## - LOCAL SUBJECT ADDED ENTRY--TOPICAL TERM (OCLC, RLIN)
Topical term or geographic name as entry element PROPERTY-RURAL AND NATURAL ASSETS-RURAL AND NATURAL ASSET VALUATION AND APPRAISAL
710 2# - ADDED ENTRY--CORPORATE NAME
Corporate name or jurisdiction name as entry element Royal Institution of Chartered Surveyors
Subordinate unit Rural Faculty
9 (RLIN) 4160
710 2# - ADDED ENTRY--CORPORATE NAME
Corporate name or jurisdiction name as entry element Royal Institution of Chartered Surveyors
Subordinate unit Rural Valuation Group
9 (RLIN) 4584
856 40 - ELECTRONIC LOCATION AND ACCESS
Uniform Resource Identifier <a href="https://www.rics.org/Global/Downloads/5_RuralPropertyVal_07_1_.pdf">https://www.rics.org/Global/Downloads/5_RuralPropertyVal_07_1_.pdf</a>
Public note View this item (members-only content) free of charge at www.rics.org...
942 ## - ADDED ENTRY ELEMENTS (KOHA)
Suppress in OPAC 0
Holdings
Withdrawn status Lost status Source of classification or shelving scheme Damaged status Not for loan Home library Current library Shelving location Date acquired Total Checkouts Full call number Barcode Date last seen Copy number Price effective from Koha item type Date last checked out
    Dewey Decimal Classification     London London RICS Boxes 03/09/2003   RICS 2003/34 30067696 06/08/2019 1 06/08/2019 Archive  
    Dewey Decimal Classification     London London RICS Boxes 03/09/2003   RICS 2003/34 30067697 06/08/2019 2 06/08/2019 Reference material  
    Dewey Decimal Classification     London London RICS Boxes 03/09/2003 13 RICS 2003/34 30067693 06/08/2019 3 06/08/2019 Book 13/05/2008